000
00197nam a2200109Ia 4500
100
_a
MUNRO/ALICE.
942
_c
BK
245
_a
OPEN SECRETS.
260
_b
#N/A
546
_a
ENGLISH
999
_c
31215
_d
31215